[Event "zonal 1.5"]
[Site "Panormo GRE"]
[Date "1998.10.30"]
[Round "7"]
[White "Drasko, Milan"]
[Black "Dervishi, Erald"]
[Result "1-0"]
[WhiteElo "2515"]
[BlackElo "2430"]
[EventDate "1998.10.24"]
[PlyCount "77"]

1.d4 Nf6 2.c4 e6 3.Nc3 d5 4.cxd5 exd5 5.Bg5 Be7 6.e3 O-O 7.Bd3 h6 8.Bh4 b6
9.Nge2 Bb7 10.O-O Nbd7 11.Rc1 c5 12.Bb1 a6 13.dxc5 bxc5 14.Qc2 g5 15.Bg3 
Qb6 16.Rfd1 Qe6 17.b4 Rac8 18.bxc5 Bxc5 19.Qb3 Ba8 20.Nd4 Bxd4 21.Rxd4 Rc4
22.Rcd1 Rfc8 23.Rxc4 dxc4 24.Qa3 Ne8 25.h4 Nc5 26.hxg5 hxg5 27.Qa5 f6 28.
Rd4 f5 29.Rd8 f4 30.Rxc8 Qxc8 31.exf4 Qc6 32.f3 Qd6 33.Bf2 Ne6 34.fxg5 
N8g7 35.Qb6 Qxb6 36.Bxb6 Nxg5 37.Kf2 N7e6 38.a4 Nf4 39.Ba2 1-0

[Event "zonal 1.5"]
[Site "Panormo GRE"]
[Date "1998.10.30"]
[Round "7"]
[White "Seitaj, Ilir"]
[Black "Nikolaidis, Ioannis"]
[Result "0-1"]
[WhiteElo "2395"]
[BlackElo "2530"]
[EventDate "1998.10.24"]
[PlyCount "68"]

1.e4 c6 2.d4 d5 3.exd5 cxd5 4.c4 Nf6 5.cxd5 Nxd5 6.Nf3 e6 7.Nc3 Bb4 8.Bd2 
O-O 9.Bd3 Nc6 10.O-O Nce7 11.a3 Ba5 12.Rc1 Bd7 13.Ne5 Bc6 14.Bb1 Rc8 15.
Ne4 Bxd2 16.Qxd2 Ng6 17.Nxc6 bxc6 18.Rc5 Rc7 19.Ng5 Qf6 20.Nf3 Nh4 21.Nxh4
Qxh4 22.g3 Qf6 23.Qc2 g6 24.Rxc6 Rxc6 25.Qxc6 Qxd4 26.Qb5 Rc8 27.Qb3 h5 
28.h4 Kg7 29.Qb7 Rc7 30.Qb8 Rc6 31.Ba2 Ne3 32.Qb7 Nxf1 33.Qxc6 Nxg3 34.Kg2
Nf5 0-1

[Event "zonal 1.5"]
[Site "Panormo GRE"]
[Date "1998.10.30"]
[Round "7"]
[White "Zaichik, Gennadi"]
[Black "Chibukhchian, Artur"]
[Result "1-0"]
[WhiteElo "2505"]
[BlackElo "2415"]
[EventDate "1998.10.24"]
[PlyCount "69"]

1.d4 Nf6 2.c4 d6 3.Nc3 Nbd7 4.Nf3 g6 5.g3 Bg7 6.Bg2 O-O 7.O-O e5 8.h3 c6 
9.e4 Qb6 10.c5 dxc5 11.dxe5 Ne8 12.e6 fxe6 13.Ng5 Ne5 14.f4 h6 15.fxe5 c4+
16.Kh2 Rxf1 17.Qxf1 hxg5 18.Bxg5 Bxe5 19.Qf3 Qc7 20.Rf1 Qg7 21.Bh6 Qe7 22.
Qg4 Kh7 23.Bg5 Qc7 24.Rf8 Ng7 25.Bf6 Bxf6 26.Rxf6 Kg8 27.e5 Qxe5 28.Rxg6 
Bd7 29.Ne4 Be8 30.Nf6+ Kf8 31.Qh4 Nh5 32.Nh7+ Kf7 33.Rg5 Qxb2 34.Rxh5 Kg7 
35.Qe7+ 1-0

[Event "zonal 1.5"]
[Site "Panormo GRE"]
[Date "1998.10.30"]
[Round "7"]
[White "Nikolaidis, Konstantinos"]
[Black "Tosic, Miroslav"]
[Result "0-1"]
[WhiteElo "2335"]
[BlackElo "2525"]
[EventDate "1998.10.24"]
[PlyCount "80"]

1.e4 c5 2.Nf3 e6 3.d4 cxd4 4.Nxd4 a6 5.Bd3 d6 6.O-O Bd7 7.c4 Nc6 8.Nf3 Nf6
9.Nc3 Be7 10.h3 h6 11.Be3 Rb8 12.Qe2 O-O 13.Rfd1 Qc7 14.Rac1 Ne5 15.Nxe5 
dxe5 16.c5 Rfd8 17.b4 Be8 18.a3 Rbc8 19.g3 Kh8 20.Kh2 Ng8 21.f4 Bf6 22.f5 
Ne7 23.fxe6 fxe6 24.Bc4 Bf7 25.Qa2 Qc6 26.b5 axb5 27.Bxb5 Qc7 28.Bc4 Rxd1 
29.Rxd1 Bg5 30.Nb5 Qc6 31.Na7 Qa4 32.Bxg5 Qxd1 33.Nxc8 Nxc8 34.Qd2 Qa4 35.
Qd8+ Kh7 36.Qxc8 Qxc4 37.Qd7 Qe2+ 38.Kg1 Qe1+ 39.Kh2 Qf2+ 40.Kh1 hxg5 0-1

[Event "zonal 1.5"]
[Site "Panormo GRE"]
[Date "1998.10.30"]
[Round "7"]
[White "Karagiannis, Athanasios"]
[Black "Kovacevic, Aleksandar"]
[Result "1/2-1/2"]
[WhiteElo "2365"]
[BlackElo "2495"]
[EventDate "1998.10.24"]
[PlyCount "85"]

1.d4 c5 2.d5 Nf6 3.Nc3 d6 4.e4 g6 5.Bb5+ Nfd7 6.a4 Bg7 7.Nf3 Na6 8.O-O Nc7
9.Re1 Nxb5 10.axb5 O-O 11.Bg5 h6 12.Bh4 Nb6 13.h3 g5 14.Bg3 f5 15.exf5 
Bxf5 16.Nh2 Qd7 17.Qe2 Rf7 18.Red1 Bg6 19.h4 gxh4 20.Bxh4 Qf5 21.Rd3 Qf4 
22.Rg3 Kh7 23.Nf3 Bf5 24.Bg5 Qc4 25.Qd2 Bg4 26.Bxh6 Bxh6 27.Ng5+ Kg6 28.
Nce4 Qxe4 29.Nxe4 Bxd2 30.Nxd2 Kf5 31.f3 Bh5 32.Ne4 Nxd5 33.Rg5+ Ke6 34.
Rxh5 Rg7 35.Re1 Nf6 36.Rh6 Kf7 37.Kf2 Nxe4+ 38.Rxe4 a5 39.Rf4+ Kg8 40.Rfh4
Kf7 41.Rf4+ Kg8 42.Rfh4 Kf7 43.Rf4+ 1/2-1/2

[Event "zonal 1.5"]
[Site "Panormo GRE"]
[Date "1998.10.30"]
[Round "7"]
[White "Edzgveradze, Natalia"]
[Black "Ivanisevic, Ivan"]
[Result "1/2-1/2"]
[WhiteElo "2310"]
[BlackElo "2475"]
[EventDate "1998.10.24"]
[PlyCount "109"]

1.d4 Nf6 2.c4 g6 3.g3 Bg7 4.Bg2 O-O 5.Nc3 d6 6.Nf3 Nbd7 7.O-O e5 8.h3 c6 
9.e4 exd4 10.Nxd4 Qb6 11.Nde2 Nc5 12.b3 Ne8 13.Be3 f5 14.exf5 Bxf5 15.g4 
Bd3 16.Rc1 Rd8 17.Re1 Qb4 18.Qd2 Bxe2 19.Rxe2 Nc7 20.Ree1 N7e6 21.Red1 Be5
22.Ne2 a5 23.Rc2 Rde8 24.f4 Qxd2 25.Rdxd2 Nxf4 26.Nxf4 Bxf4 27.Bxf4 Rxf4 
28.Rxd6 Kg7 29.Kh2 Re3 30.Rd8 Ne6 31.Ra8 Nd4 32.Rd2 Nf3+ 33.Bxf3 Rfxf3 34.
Rd7+ Kh6 35.Rxa5 Re2+ 36.Kg1 b5 37.cxb5 Rc3 38.Rd1 Re5 39.Ra7 cxb5 40.h4 
Rg3+ 41.Kf2 Rxg4 42.Rdd7 Rf5+ 43.Ke3 Rxh4 44.Rxh7+ Kg5 45.Rxh4 Kxh4 46.a4 
bxa4 47.Rxa4+ Kg3 48.b4 g5 49.Ra5 Rf3+ 50.Kd4 g4 51.b5 Kh3 52.b6 g3 53.Ra1
g2 54.Rg1 Rf5 55.Kc4 1/2-1/2

[Event "zonal 1.5"]
[Site "Panormo GRE"]
[Date "1998.10.30"]
[Round "7"]
[White "Moutousis, Konstantinos"]
[Black "Sargissian, Gabriel"]
[Result "0-1"]
[WhiteElo "2475"]
[BlackElo "2290"]
[EventDate "1998.10.24"]
[PlyCount "68"]

1.d4 d5 2.c4 e6 3.Nc3 Be7 4.Nf3 Nf6 5.Bg5 O-O 6.Qc2 h6 7.h4 Nc6 8.O-O-O 
dxc4 9.Bxf6 Bxf6 10.g4 g6 11.e3 b5 12.g5 hxg5 13.Nxg5 Bb7 14.Rh3 Nb4 15.
Qb1 c5 16.f4 cxd4 17.h5 dxc3 18.bxc3 Qa5 19.hxg6 Nxa2+ 20.Kd2 Rfd8+ 21.Ke1
Rxd1+ 22.Qxd1 Qxc3+ 23.Kf2 Bxg5 24.gxf7+ Kf8 25.fxg5 Qe5 26.Qh5 Nc3 27.Bg2
Ne4+ 28.Bxe4 Bxe4 29.Rh4 Qb2+ 30.Kg3 Qg2+ 31.Kf4 Qf2+ 32.Kxe4 Qf5+ 33.Kd4 
Rd8+ 34.Kc3 Rd3+ 0-1

[Event "zonal 1.5"]
[Site "Panormo GRE"]
[Date "1998.10.30"]
[Round "7"]
[White "Shengelia, Davit"]
[Black "Minasian, Ara"]
[Result "0-1"]
[WhiteElo "2310"]
[BlackElo "2450"]
[EventDate "1998.10.24"]
[PlyCount "84"]

1.e4 Nf6 2.e5 Nd5 3.d4 d6 4.Nf3 g6 5.Bc4 Nb6 6.Bb3 Nc6 7.Ng5 d5 8.c3 f6 9.
exf6 exf6 10.Nf3 Be6 11.a4 Nc4 12.O-O Qd7 13.a5 N6xa5 14.Ba4 Nc6 15.Re1 
Kf7 16.Nbd2 Nb6 17.Bb5 a6 18.Bf1 Re8 19.Nb3 Nc4 20.Nfd2 Nxd2 21.Bxd2 Bf5 
22.Rxe8 Qxe8 23.Bf4 Qd7 24.Qf3 Nd8 25.Nd2 Ne6 26.Be3 h5 27.h3 c6 28.c4 Bb4
29.cxd5 Qxd5 30.Qxd5 cxd5 31.Nb3 Rc8 32.Ra4 Bd6 33.Ra5 Nc7 34.Nc5 b6 35.
Rxa6 Nxa6 36.Nxa6 Rc2 37.g4 hxg4 38.hxg4 Bxg4 39.b4 Rb2 40.b5 Rb1 41.Kg2 
Bh3+ 42.Kxh3 Rxf1 0-1

[Event "zonal 1.5"]
[Site "Panormo GRE"]
[Date "1998.10.30"]
[Round "7"]
[White "Khachian, Melikset"]
[Black "Mastrovasilis, Athanasios"]
[Result "1-0"]
[WhiteElo "2370"]
[BlackElo "2315"]
[EventDate "1998.10.24"]
[PlyCount "63"]

1.e4 c5 2.Nc3 a6 3.g3 b5 4.Bg2 Bb7 5.d3 e6 6.Nh3 Nf6 7.O-O Qb6 8.e5 Bxg2 
9.Kxg2 Qc6+ 10.Kg1 Nd5 11.Nxd5 Qxd5 12.Re1 Qb7 13.c3 Nc6 14.Qh5 Be7 15.Ng5
Bxg5 16.Bxg5 h6 17.Be3 g6 18.Qf3 O-O-O 19.Qe4 d5 20.exd6 Rxd6 21.Bxc5 Rd5 
22.d4 h5 23.a4 h4 24.g4 h3 25.axb5 axb5 26.b3 Rhd8 27.Re3 e5 28.Rxh3 exd4 
29.cxd4 Nxd4 30.Rc3 Ne6 31.Bd4+ Nc7 32.Ra7 1-0

[Event "zonal 1.5"]
[Site "Panormo GRE"]
[Date "1998.10.30"]
[Round "7"]
[White "Karadeniz, Emre"]
[Black "Nadanian, Ashot"]
[Result "0-1"]
[WhiteElo "2220"]
[BlackElo "2415"]
[EventDate "1998.10.24"]
[PlyCount "43"]

1.e4 d5 2.exd5 Qxd5 3.Nc3 Qa5 4.Bc4 Nf6 5.d4 Bg4 6.f3 Bf5 7.Ne2 Nc6 8.Bd2 
Qb4 9.b3 Qd6 10.Bf4 Qd7 11.g4 Bg6 12.d5 Nb4 13.O-O O-O-O 14.Bb5 c6 15.dxc6
bxc6 16.Bc4 Qb7 17.Qc1 Nxc2 18.Na4 e6 19.Rb1 Ba3 20.Nb2 Qb6+ 21.Kg2 e5 22.
Bg5 0-1

[Event "zonal 1.5"]
[Site "Panormo GRE"]
[Date "1998.10.30"]
[Round "7"]
[White "Olcayoz, Alper"]
[Black "Karapanos, Nikolaos"]
[Result "1-0"]
[WhiteElo "2345"]
[BlackElo "2245"]
[EventDate "1998.10.24"]
[PlyCount "81"]

1.d4 Nf6 2.Nf3 g6 3.Bg5 Bg7 4.Nbd2 d5 5.e3 O-O 6.Be2 Nbd7 7.c4 h6 8.Bh4 c6
9.cxd5 Nxd5 10.O-O c5 11.Qb3 Nb4 12.Ne4 Nc6 13.dxc5 Kh7 14.Rac1 Qa5 15.Bb5
Ndb8 16.a3 Bg4 17.Be2 Bc8 18.Rfd1 Na6 19.Nd4 Nxd4 20.exd4 g5 21.Bxg5 hxg5 
22.Nxg5+ Kg8 23.Qd3 Rd8 24.Qh7+ Kf8 25.Qh5 Be6 26.Bc4 Rd5 27.Nxe6+ fxe6 
28.Bxd5 exd5 29.Qf5+ Bf6 30.g4 Ke8 31.g5 Bh8 32.Qg6+ Kd8 33.Qg8+ Kc7 34.
Qxa8 Nb8 35.c6 bxc6 36.Rxc6+ Nxc6 37.Qxh8 Qa4 38.Rc1 Kd7 39.Qh3+ e6 40.
Qh7+ Kd6 41.Qb7 1-0

[Event "zonal 1.5"]
[Site "Panormo GRE"]
[Date "1998.10.30"]
[Round "7"]
[White "Kofidis, Andreas"]
[Black "Chilov, Alexandros"]
[Result "1-0"]
[WhiteElo "2380"]
[BlackElo "2205"]
[EventDate "1998.10.24"]
[PlyCount "109"]

1.e4 b6 2.d4 Bb7 3.Nc3 e6 4.Nf3 d6 5.Bd3 Nd7 6.O-O e5 7.Bc4 Be7 8.Qe2 Ngf6
9.Bxf7+ Kxf7 10.Qc4+ d5 11.Nxd5 Bxd5 12.exd5 Bd6 13.Ng5+ Kg8 14.Ne6 Qe7 
15.Bg5 Re8 16.Rae1 h6 17.Bh4 g5 18.Bg3 e4 19.f4 g4 20.Bh4 Qf7 21.f5 Kh7 
22.g3 b5 23.Qe2 Nxd5 24.Qxe4 N7f6 25.Qd3 Rb8 26.c3 Rhc8 27.b3 Rb6 28.c4 
bxc4 29.bxc4 Nb4 30.Qc3 Be7 31.a3 Rcb8 32.c5 Nbd5 33.Qc4 Rb2 34.Bxf6 Qh5 
35.Bh4 Bxh4 36.Qxd5 Bf6 37.h4 gxh3 38.Nf4 Qg4 39.Qf7+ Bg7 40.Qg6+ Qxg6 41.
fxg6+ Kg8 42.Re4 Rd2 43.Ne2 Rd8 44.Rf7 h2+ 45.Kxh2 Bxd4 46.Rxc7 Rc2 47.Kh3
Bxc5 48.Nf4 Rc1 49.Ne6 Rh1+ 50.Kg4 h5+ 51.Kg5 Rd5+ 52.Kh6 Bf8+ 53.g7 Bxg7+
54.Rxg7+ Kh8 55.Rf7 1-0

[Event "zonal 1.5"]
[Site "Panormo GRE"]
[Date "1998.10.30"]
[Round "7"]
[White "Tsichlis, Georgios"]
[Black "Simeonidis, Ioannis"]
[Result "1-0"]
[WhiteElo "2145"]
[BlackElo "2310"]
[EventDate "1998.10.24"]
[PlyCount "105"]

1.e4 e6 2.d4 d5 3.Nd2 Nf6 4.e5 Nfd7 5.Bd3 c5 6.c3 Nc6 7.Ne2 cxd4 8.cxd4 f6
9.exf6 Qxf6 10.Nf3 h6 11.O-O Bd6 12.Bc2 O-O 13.Ng3 Rd8 14.a3 Nf8 15.b4 Bd7
16.Bb2 a6 17.Qe2 Be8 18.Rad1 Rac8 19.Ne5 Bxe5 20.dxe5 Qf4 21.Qd2 Qxd2 22.
Rxd2 Nd7 23.f4 Nb6 24.Bb3 g6 25.Rc1 Ne7 26.Rdc2 Ba4 27.Rxc8 Rxc8 28.Rxc8+ 
Nexc8 29.Ba2 Bb5 30.Kf2 Nc4 31.Bc1 Ne7 32.Ne2 Nc6 33.Bb3 Nb6 34.Be3 Bxe2 
35.Bxb6 Bc4 36.Ba4 Bb5 37.Bc2 Kf7 38.Ke3 g5 39.Kf3 Bc4 40.Ba4 Bb5 41.Bc2 
gxf4 42.Kxf4 Nb8 43.g4 Nd7 44.Bd4 Be2 45.h4 b5 46.g5 hxg5+ 47.Kxg5 Nb8 48.
Bg6+ Kg7 49.h5 Nc6 50.h6+ Kg8 51.h7+ Kh8 52.Bc5 d4 53.Kh6 1-0

[Event "zonal 1.5"]
[Site "Panormo GRE"]
[Date "1998.10.30"]
[Round "7"]
[White "Pappas, Konstantinos"]
[Black "Petsetidi, Maria"]
[Result "1-0"]
[WhiteElo "2155"]
[BlackElo "2090"]
[EventDate "1998.10.24"]
[PlyCount "65"]

1.e4 c5 2.Nf3 d6 3.c3 Nf6 4.Qb3 Nc6 5.d3 e6 6.Be2 Be7 7.O-O O-O 8.a4 Na5 
9.Qc2 a6 10.Na3 Bd7 11.Bg5 b5 12.axb5 axb5 13.e5 Nd5 14.Bxe7 Qxe7 15.Rfe1 
Nf4 16.d4 c4 17.exd6 Qxd6 18.Ng5 f5 19.Bf3 Bc6 20.g3 Nh3+ 21.Nxh3 Bxf3 22.
Ng5 Bc6 23.Re5 Bd5 24.Rae1 Rf6 25.Qe2 Re8 26.Qh5 Qd8 27.Qxh7+ Kf8 28.Qh8+ 
Ke7 29.Qxg7+ Kd6 30.Nxb5+ Kc6 31.Na7+ Kb6 32.Nc8+ Kc6 33.Nh7 1-0

[Event "zonal 1.5"]
[Site "Panormo GRE"]
[Date "1998.10.30"]
[Round "7"]
[White "Bras, Emanouel"]
[Black "Kagas, Konstantinos"]
[Result "0-1"]
[WhiteElo "2105"]
[BlackElo "2140"]
[EventDate "1998.10.24"]
[PlyCount "70"]

1.d4 d5 2.Nf3 c6 3.c4 e6 4.Nc3 Nf6 5.cxd5 exd5 6.Bg5 Be7 7.e3 Bf5 8.Bd3 
Bxd3 9.Qxd3 Nbd7 10.O-O O-O 11.a3 a5 12.Rab1 a4 13.Qc2 Qa5 14.Ne5 Rfe8 15.
f4 Nb6 16.Rf3 Nfd7 17.Rh3 Nf8 18.Bxe7 Rxe7 19.Rf1 f6 20.Ng4 Nc4 21.Rff3 b5
22.Nf2 b4 23.axb4 Qxb4 24.Nd3 Qb3 25.Qxb3 axb3 26.Kf2 Nd2 27.Rfg3 Ne4+ 28.
Nxe4 dxe4 29.Nb4 Ra2 30.Nxc6 Rxb2+ 31.Ke1 Rc7 32.d5 Ra2 33.Kd1 b2 34.Kc2 
Rb7 35.Ne7+ Rxe7 0-1

[Event "zonal 1.5"]
[Site "Panormo GRE"]
[Date "1998.10.31"]
[Round "8"]
[White "Atalik, Suat"]
[Black "Grivas, Efstratios"]
[Result "1/2-1/2"]
[WhiteElo "2585"]
[BlackElo "2520"]
[EventDate "1998.10.24"]
[PlyCount "32"]

1.d4 f5 2.g3 Nf6 3.Bg2 g6 4.Nh3 c6 5.Nf4 d6 6.Nc3 e5 7.dxe5 dxe5 8.Qxd8+ 
Kxd8 9.Nh3 h6 10.Bd2 Be6 11.f3 Nbd7 12.Nf2 Bd6 13.e4 f4 14.Bh3 Bxh3 15.
Nxh3 g5 16.Nf2 Ke7 1/2-1/2

[Event "zonal 1.5"]
[Site "Panormo GRE"]
[Date "1998.10.31"]
[Round "8"]
[White "Damljanovic, Branko"]
[Black "Pavlovic, Milos"]
[Result "1/2-1/2"]
[WhiteElo "2555"]
[BlackElo "2505"]
[EventDate "1998.10.24"]
[PlyCount "115"]

1.d4 Nf6 2.c4 g6 3.Nc3 Bg7 4.e4 d6 5.f3 O-O 6.Bg5 c5 7.d5 h6 8.Be3 e6 9.
Qd2 exd5 10.cxd5 Re8 11.Nge2 Nbd7 12.Nc1 a6 13.a4 Nh5 14.g4 Ne5 15.Be2 
Qh4+ 16.Kd1 Nxg4 17.fxg4 Bxc3 18.bxc3 Bxg4 19.Bf2 Bxe2+ 20.Qxe2 Qh3 21.Qe3
Qg4+ 22.Qe2 Nf6 23.Qxg4 Nxg4 24.Bg3 Rxe4 25.Re1 Ne3+ 26.Kd2 Rae8 27.Kd3 h5
28.Bxd6 c4+ 29.Kd2 Nxd5 30.Rxe4 Rxe4 31.a5 Rg4 32.Rb1 Rg2+ 33.Ne2 Rxe2+ 
34.Kxe2 Nxc3+ 35.Kd2 Nxb1+ 36.Kc2 f6 37.Kxb1 Kf7 38.Kc2 Ke6 39.Bb8 g5 40.
Kc3 Kd5 41.Bc7 h4 42.Bd8 g4 43.Bxf6 g3 44.h3 g2 45.Bd4 Ke4 46.Kxc4 Kf3 47.
Kc5 Kg3 48.Kb6 Kxh3 49.Kxb7 Kh2 50.Kxa6 g1=Q 51.Bxg1+ Kxg1 52.Kb7 h3 53.a6
h2 54.a7 h1=Q+ 55.Kb8 Qh8+ 56.Kb7 Qg7+ 57.Kb8 Qb2+ 58.Ka8 1/2-1/2

[Event "zonal 1.5"]
[Site "Panormo GRE"]
[Date "1998.10.31"]
[Round "8"]
[White "Solak, Dragan"]
[Black "Sturua, Zurab"]
[Result "1/2-1/2"]
[WhiteElo "2425"]
[BlackElo "2600"]
[EventDate "1998.10.24"]
[PlyCount "43"]

1.e4 e5 2.Nf3 Nc6 3.Bb5 Nf6 4.O-O Nxe4 5.d4 Nd6 6.Bxc6 dxc6 7.dxe5 Nf5 8.
Qxd8+ Kxd8 9.h3 Ke8 10.Re1 a5 11.a3 Ne7 12.Nc3 Ng6 13.Kh2 a4 14.Bd2 Be7 
15.Rad1 h5 16.g3 Ra5 17.Kg2 Be6 18.Bc1 Bc5 19.Bg5 Be7 20.Bc1 Bc5 21.Bg5 
Be7 22.Bc1 1/2-1/2

[Event "zonal 1.5"]
[Site "Panormo GRE"]
[Date "1998.10.31"]
[Round "8"]
[White "Tosic, Miroslav"]
[Black "Vouldis, Angelos"]
[Result "1/2-1/2"]
[WhiteElo "2525"]
[BlackElo "2475"]
[EventDate "1998.10.24"]
[PlyCount "74"]

1.Nf3 Nf6 2.g3 g6 3.Bg2 Bg7 4.O-O O-O 5.c4 d6 6.Nc3 c6 7.h3 e5 8.d3 Re8 9.
e4 Na6 10.Re1 Nc7 11.d4 exd4 12.Nxd4 d5 13.exd5 Rxe1+ 14.Qxe1 cxd5 15.Bf4 
dxc4 16.Rd1 Nd7 17.Qe2 Bxd4 18.Rxd4 Ne6 19.Rxc4 Nb6 20.Re4 Bd7 21.Bh6 Qf6 
22.Rh4 Bc6 23.Ne4 Qe5 24.Bd2 Qxb2 25.Qe1 Bxe4 26.Rxe4 Qxa2 27.Bc3 Rc8 28.
Kh2 Na4 29.Bf6 b5 30.Qe3 Nac5 31.Re5 Nd7 32.Bd5 Qa1 33.Bxe6 fxe6 34.Qb3 
Nxf6 35.Qxe6+ Kg7 36.Qe7+ Kg8 37.Qe6+ Kg7 1/2-1/2

[Event "zonal 1.5"]
[Site "Panormo GRE"]
[Date "1998.10.31"]
[Round "8"]
[White "Janjgava, Lasha"]
[Black "Banikas, Hristos"]
[Result "1/2-1/2"]
[WhiteElo "2490"]
[BlackElo "2490"]
[EventDate "1998.10.24"]
[PlyCount "74"]

1.d4 Nf6 2.c4 g6 3.Nf3 Bg7 4.g3 O-O 5.Bg2 d6 6.Nc3 Nc6 7.O-O Bf5 8.Ne1 Qd7
9.e4 Bh3 10.f4 e5 11.fxe5 dxe5 12.d5 Nd4 13.Nd3 Rae8 14.b3 Bg4 15.Qd2 Qe7 
16.Nf2 Bd7 17.Qd1 c5 18.a4 a5 19.Ra2 h5 20.h3 Kh7 21.Bd2 Bh6 22.Be1 b6 23.
Nd3 Rd8 24.Ne2 Be3+ 25.Bf2 Bxf2+ 26.Rxf2 Nxe2+ 27.Raxe2 Ne8 28.Qa1 f6 29.
Kh2 Nd6 30.Qf1 Rde8 31.Qa1 Qg7 32.Re1 f5 33.exf5 Bxf5 34.Nxe5 Ne4 35.Rxe4 
Bxe4 36.Rxf8 Qxf8 37.Bxe4 Qf2+ 1/2-1/2

[Event "zonal 1.5"]
[Site "Panormo GRE"]
[Date "1998.10.31"]
[Round "8"]
[White "Ivanisevic, Ivan"]
[Black "Supatashvili, Khvicha"]
[Result "1-0"]
[WhiteElo "2475"]
[BlackElo "2495"]
[EventDate "1998.10.24"]
[PlyCount "75"]

1.d4 e6 2.e4 d5 3.Nc3 dxe4 4.Nxe4 Nd7 5.Bd3 Ngf6 6.Qe2 c5 7.Nxf6+ Nxf6 8.
dxc5 Bxc5 9.Bd2 O-O 10.O-O-O Qd5 11.Kb1 Qxg2 12.Nf3 Qxf2 13.Qe5 Qxf3 14.
Qxc5 b6 15.Qg5 h6 16.Qh4 Qh5 17.Qg3 Kh8 18.Rhg1 Rg8 19.Rdf1 Bb7 20.Bc3 e5 
21.Bxe5 Rae8 22.Rf5 Rxe5 23.Rxe5 Qf3 24.Qxf3 Bxf3 25.Re7 Bd5 26.Rxa7 Re8 
27.c4 Be6 28.Rb7 Nd7 29.Bc2 Ne5 30.b3 Nf3 31.Rg2 g5 32.Rxb6 h5 33.Be4 Bh3 
34.Rg3 Rxe4 35.Rxh3 g4 36.Rxh5+ Kg7 37.c5 Re2 38.c6 1-0

[Event "zonal 1.5"]
[Site "Panormo GRE"]
[Date "1998.10.31"]
[Round "8"]
[White "Lputian, Smbat"]
[Black "Nikolaidis, Konstantinos"]
[Result "1/2-1/2"]
[WhiteElo "2615"]
[BlackElo "2335"]
[EventDate "1998.10.24"]
[PlyCount "57"]

1.d4 Nf6 2.Nf3 e6 3.c4 b6 4.a3 Ba6 5.Qc2 Bb7 6.Nc3 c5 7.e4 cxd4 8.Nxd4 Bc5
9.Nb3 Nc6 10.Bg5 Nd4 11.Nxd4 Bxd4 12.Nb5 Be5 13.f4 Bb8 14.e5 h6 15.Bxf6 
gxf6 16.Nd6+ Bxd6 17.exd6 Rc8 18.Be2 f5 19.Qc3 Rg8 20.O-O-O Kf8 21.Bf3 
Bxf3 22.gxf3 Qh4 23.Qd4 f6 24.Kb1 Kf7 25.Rd2 Qh3 26.Qd3 Qh4 27.Qd4 Qh3 28.
Qd3 Qh4 29.Qd4 1/2-1/2

[Event "zonal 1.5"]
[Site "Panormo GRE"]
[Date "1998.10.31"]
[Round "8"]
[White "Miladinovic, Igor"]
[Black "Kofidis, Andreas"]
[Result "1-0"]
[WhiteElo "2555"]
[BlackElo "2380"]
[EventDate "1998.10.24"]
[PlyCount "69"]

1.d4 d5 2.c4 dxc4 3.e3 Nf6 4.Bxc4 e6 5.Nc3 c5 6.Nf3 a6 7.a4 Nc6 8.O-O Be7 
9.Qe2 cxd4 10.Rd1 O-O 11.exd4 Nb4 12.Ne5 Bd7 13.Bg5 Bc6 14.Nxc6 bxc6 15.a5
Nfd5 16.Bxe7 Qxe7 17.Na4 Rfd8 18.Nc5 Qg5 19.Qe5 Qg6 20.Rdc1 Qh6 21.Bf1 Qd2
22.Rab1 h6 23.Rc4 Rab8 24.Ne4 Qf4 25.Qxf4 Nxf4 26.Ra1 Nfd3 27.b3 Nb2 28.
Rc3 Rxd4 29.Nc5 Rbd8 30.Nxa6 Nd1 31.Rcc1 Nxa6 32.Bxa6 Rd2 33.Bb7 Nxf2 34.
a6 Nd3 35.Rd1 1-0

[Event "zonal 1.5"]
[Site "Panormo GRE"]
[Date "1998.10.31"]
[Round "8"]
[White "Tzermiadianos, Andreas"]
[Black "Cela, Altin"]
[Result "0-1"]
[WhiteElo "2465"]
[BlackElo "2450"]
[EventDate "1998.10.24"]
[PlyCount "84"]

1.e4 c6 2.Nf3 g6 3.c4 Bg7 4.d4 d6 5.Be2 Nd7 6.Nc3 e5 7.O-O Nh6 8.Re1 O-O 
9.Bf1 f6 10.Rb1 a5 11.a3 Nf7 12.dxe5 dxe5 13.b4 axb4 14.axb4 Qe7 15.Qc2 
Kh8 16.Be3 Nd8 17.Red1 Ne6 18.Qd2 Re8 19.c5 f5 20.Qb2 f4 21.Bc1 Nd4 22.Rd3
g5 23.Ne2 Nb5 24.Nc3 Nd4 25.Ne2 Ne6 26.Nd2 b6 27.cxb6 Nxb6 28.Qc2 Ba6 29.
Ra3 Bb5 30.Ra5 g4 31.Bb2 Rad8 32.Nc1 g3 33.Bxb5 gxf2+ 34.Kf1 cxb5 35.Rxb5 
Qd6 36.Ncb3 Rc8 37.Qd1 Red8 38.Qh5 Nc4 39.Nxc4 Qd3+ 40.Kxf2 Qxb1 41.Nc5 f3
42.Nxe6 Qc2+ 0-1

[Event "zonal 1.5"]
[Site "Panormo GRE"]
[Date "1998.10.31"]
[Round "8"]
[White "Kovacevic, Aleksandar"]
[Black "Seitaj, Ilir"]
[Result "0-1"]
[WhiteElo "2495"]
[BlackElo "2395"]
[EventDate "1998.10.24"]
[PlyCount "78"]

1.e4 e5 2.Nf3 Nc6 3.Bb5 a6 4.Ba4 Nf6 5.O-O Be7 6.Re1 b5 7.Bb3 O-O 8.d3 d6 
9.a3 Be6 10.Bxe6 fxe6 11.Nc3 Kh8 12.Ne2 Nh5 13.a4 b4 14.d4 Qe8 15.Qd3 exd4
16.Nexd4 Nxd4 17.Nxd4 Bf6 18.c3 bxc3 19.bxc3 c5 20.Nf3 c4 21.Qe3 Nf4 22.e5
Bxe5 23.Nxe5 dxe5 24.Qe4 Nd3 25.Rf1 Rc8 26.Be3 Qd7 27.Rab1 Qd5 28.f3 Rb8 
29.Ba7 Rb3 30.Qe3 Rxc3 31.Rfd1 h6 32.Qd2 Ra3 33.Be3 Kh7 34.Rb6 Rxa4 35.
Rdb1 Rf7 36.Rb8 e4 37.Bxh6 exf3 38.Be3 Qe4 39.Rd8 Ra2 0-1

[Event "zonal 1.5"]
[Site "Panormo GRE"]
[Date "1998.10.31"]
[Round "8"]
[White "Minasian, Ara"]
[Black "Mchedlishvili, Mikheil"]
[Result "1/2-1/2"]
[WhiteElo "2450"]
[BlackElo "2390"]
[EventDate "1998.10.24"]
[PlyCount "56"]

1.e4 e6 2.d4 d5 3.Nc3 dxe4 4.Nxe4 Bd7 5.Nf3 Bc6 6.Bd3 Nd7 7.c4 Ngf6 8.Nc3 
Bxf3 9.Qxf3 c5 10.d5 Ne5 11.Qe2 Nxd3+ 12.Qxd3 exd5 13.Bg5 dxc4 14.Qe2+ Qe7
15.Bxf6 Qxe2+ 16.Kxe2 gxf6 17.Rad1 Bg7 18.Rd5 b6 19.Nb5 O-O 20.Nd6 b5 21.
Rxc5 a6 22.Rd1 f5 23.b3 cxb3 24.axb3 Rfd8 25.Nxf5 Rxd1 26.Kxd1 Bf8 27.Rd5 
Rc8 28.g4 h5 1/2-1/2

[Event "zonal 1.5"]
[Site "Panormo GRE"]
[Date "1998.10.31"]
[Round "8"]
[White "Lobzhanidze, Davit"]
[Black "Olcayoz, Alper"]
[Result "1/2-1/2"]
[WhiteElo "2455"]
[BlackElo "2345"]
[EventDate "1998.10.24"]
[PlyCount "63"]

1.e4 c5 2.Nf3 d6 3.d4 cxd4 4.Nxd4 Nf6 5.Nc3 Nc6 6.Bg5 e6 7.Qd2 a6 8.O-O-O 
Bd7 9.f3 Rc8 10.Kb1 Be7 11.h4 b5 12.Nxc6 Bxc6 13.Ne2 Qc7 14.Nd4 Bd7 15.g4 
h6 16.Be3 e5 17.Ne2 Be6 18.Rg1 Nd7 19.Nc3 Nb6 20.Bxb6 Qxb6 21.g5 hxg5 22.
hxg5 Kf8 23.Bd3 Qa5 24.Rh1 Rxh1 25.Rxh1 Ke8 26.Rh8+ Kd7 27.Rxc8 Kxc8 28.
Qe3 Kb7 29.Nd5 Bxd5 30.exd5 g6 31.a3 Qb6 32.Qe1 1/2-1/2

[Event "zonal 1.5"]
[Site "Panormo GRE"]
[Date "1998.10.31"]
[Round "8"]
[White "Stefanopoulos, Orestis"]
[Black "Moutousis, Konstantinos"]
[Result "1-0"]
[WhiteElo "2320"]
[BlackElo "2475"]
[EventDate "1998.10.24"]
[PlyCount "69"]

1.e4 e6 2.d4 d5 3.Nd2 c5 4.exd5 Qxd5 5.Ngf3 cxd4 6.Bc4 Qd6 7.O-O Nf6 8.Nb3
Nc6 9.Nbxd4 Nxd4 10.Nxd4 a6 11.Re1 Be7 12.Be3 Qc7 13.Bb3 O-O 14.Qf3 Bd6 
15.g3 b5 16.Qxa8 Bb7 17.Qa7 Ra8 18.Nxb5 axb5 19.Qb6 Qd7 20.a4 Rb8 21.axb5 
Bf3 22.Qd4 e5 23.Qh4 Qxb5 24.Qc4 Qe8 25.Ra7 Bd5 26.Qa6 Bxb3 27.cxb3 Bf8 
28.Qa4 Qe6 29.Qc4 Rxb3 30.Qxe6 fxe6 31.Ra8 Kf7 32.Rc1 Bd6 33.Rc6 Be7 34.
Ra7 Nd5 35.Bg5 1-0

[Event "zonal 1.5"]
[Site "Panormo GRE"]
[Date "1998.10.31"]
[Round "8"]
[White "Sargissian, Gabriel"]
[Black "Zaichik, Gennadi"]
[Result "1/2-1/2"]
[WhiteElo "2290"]
[BlackElo "2505"]
[EventDate "1998.10.24"]
[PlyCount "100"]

1.e4 d6 2.d4 g6 3.Nf3 Nf6 4.Bd3 Bg7 5.c3 O-O 6.O-O Nc6 7.Bg5 h6 8.Bh4 e5 
9.Na3 Bg4 10.Nc2 Qe8 11.Bxf6 Bxf6 12.Ne3 Bxf3 13.Qxf3 Bg7 14.dxe5 Nxe5 15.
Qe2 Nxd3 16.Qxd3 Qe6 17.Rfe1 Rfe8 18.f3 c6 19.a4 Rad8 20.a5 a6 21.g3 h5 
22.Kg2 h4 23.b4 h3+ 24.Kf2 Qb3 25.Rac1 d5 26.exd5 cxd5 27.Red1 d4 28.cxd4 
Qxb4 29.Rc4 Qxa5 30.d5 Bf8 31.Kf1 Qb6 32.Re4 Rxe4 33.fxe4 Qf6+ 34.Ke2 Bc5 
35.Ng4 Qg5 36.Nf2 Rd6 37.Qc3 b6 38.e5 Rd8 39.Ne4 Qg4+ 40.Qf3 Qxf3+ 41.Kxf3
Kf8 42.d6 a5 43.Kf4 a4 44.e6 fxe6 45.Ke5 a3 46.Rf1+ Ke8 47.Nf6+ Kf7 48.
Ne4+ Ke8 49.Nf6+ Kf7 50.Ne4+ Ke8 1/2-1/2

[Event "zonal 1.5"]
[Site "Panormo GRE"]
[Date "1998.10.31"]
[Round "8"]
[White "Borg, Geoffrey"]
[Black "Khachian, Melikset"]
[Result "0-1"]
[WhiteElo "2360"]
[BlackElo "2370"]
[EventDate "1998.10.24"]
[PlyCount "48"]

1.d4 Nf6 2.c4 g6 3.Nc3 d5 4.cxd5 Nxd5 5.Bd2 Bg7 6.e4 Nb6 7.Be3 O-O 8.h3 f5
9.exf5 Bxf5 10.Nf3 Nc6 11.Be2 Qd7 12.Qd2 Rad8 13.Rd1 Be6 14.Qc1 Bc4 15.O-O
Bxe2 16.Nxe2 Rxf3 17.gxf3 Qxh3 18.Ng3 Nd5 19.Rfe1 Nxe3 20.Qxe3 Bxd4 21.
Qb3+ Kg7 22.Ne4 Ne5 23.Rxd4 Rxd4 24.Ng5 Nxf3+ 0-1